<The> Single Market
Enregistré dans:
| Format: | Livre |
|---|---|
| Langue: | anglais |
| Publié: |
Luxembourg
Office for Official Publications of the European Communities
1995
|
| Édition: | 1. ed. |
| Sujets: | |
| Tags: |
Pas de tags, Soyez le premier à ajouter un tag!
|
MARC
| LEADER | 00000nam a2200000 4500 | ||
|---|---|---|---|
| 001 | c020982 | ||
| 005 | 20221205133523.8 | ||
| 020 | |a 92-826-9787-8 | ||
| 041 | 0 | |a eng | |
| 044 | |a LU | ||
| 245 | 1 | 0 | |a <The> Single Market |
| 250 | |a 1. ed. | ||
| 264 | 1 | |a Luxembourg |b Office for Official Publications of the European Communities |c 1995 | |
| 300 | |a 44 s. | ||
| 610 | 2 | 0 | |a trh vnútorný |
| 610 | 2 | 0 | |a informácie obchodno-ekonomické |
| 610 | 2 | 0 | |a únie menové |
| 610 | 2 | 0 | |a integrácia |
| 610 | 2 | 0 | |a spolupráca hospodárska medzinárodná |
| 610 | 2 | 0 | |a tovar |
| 610 | 2 | 0 | |a služby |
| 610 | 2 | 0 | |a ponuka |
| 610 | 2 | 0 | |a doprava osobná |
| 610 | 2 | 0 | |a miesta pracovné |
| 610 | 2 | 0 | |a konkurencia |
| 610 | 2 | 0 | |a partneri obchodní |
| 610 | 2 | 0 | |a dane |
| 610 | 2 | 0 | |a manažment |
| 610 | 2 | 0 | |a Európska únia |
| 610 | 2 | 0 | |a Európa |